000 00671nam a2200229 u 4500
005 20250301063806.0
008 170222s2007 mx r 000 0 spa d
020 _a9789709833553
035 _aUPN01000216234
049 _aI
050 4 _aHM821
_bG6.6
100 1 _aGómez Benet, Nuria
_935602
245 1 0 _aPedro y la mora /
_cNuria Gómez Benet.
260 _aMéxico :
_bCONAPRED,
_c2007.
300 _a41 p. :
_bil. col.
440 0 _aKipatla.
_pPara tratarnos igual
650 4 _aDiscriminación sexual
_925242
650 4 _aDISCRIMINACION -
_vLITERATURA INFANTIL
_923110
650 4 _aIgualdad ante la ley
_914260
905 _aInfantil
999 _c188334
_d188334